000 00544nam a2200181Ia 4500
001 17174
005 20260306170405.0
008 260306t2010||||xx |||||||||||||| ||und||
041 _aESP
082 _a657.48
_bO73
100 _aOrtega Verdugo, Francisco Javier
_eAUT
245 0 _aDel beneficio a la caja:
_bprocedimiento para la elaboración del cuadro de origen y aplicación de fondos y el estado de flujo de caja
260 _c2010
300 _a46 páginas :
_c30 cm.
650 _aGEN
654 _aCCO
942 _cLIB
_dJUS
_fJUS
_2ddc
_n
999 _c17174
_d17174